La posada de la Madona (Record no. 155601)

MARC details
000 -LEADER
campo de control de longitud fija 01052nam a22002655i 4500
001 - NÚMERO DE CONTROL
campo de control 155601
003 - IDENTIFICADOR DE NÚMERO DE CONTROL
campo de control ES-MaACL
005 - FECHA Y HORA DE LA ÚLTIMA TRANSACCIÓN
campo de control 20251015063138.0
008 - DATOS DE LONGITUD FIJA--INFORMACIÓN GENERAL
campo de control de longitud fija 010510s1843 sp |||| | spa d
040 ## - FUENTE DE CATALOGACIÓN
Centro catalogador/agencia de origen CCPB | B
Lengua de catalogación spa
Centro/agencia transcriptor CCPB | B
080 ## - NÚMERO DE LA CLASIFICACIÓN DECIMAL UNIVERSAL
Número de la Clasificación Decimal Universal 821.133.1-23"18"
100 1# - ENTRADA PRINCIPAL--NOMBRE DE PERSONA
Nombre de persona Hostein, Hippolyte,
Fechas asociadas al nombre 1814-1879
9 (RLIN) 149477
245 13 - MENCIÓN DEL TÍTULO
Título La posada de la Madona
Resto del título : drama en cuatro actos y un prólogo /
Mención de responsabilidad, etc. escrito en francés por Hostein y Tavenet ; traducción de I. Gil.
260 ## - PUBLICACIÓN, DISTRIBUCIÓN, ETC.
Lugar de publicación, distribución, etc. Madrid :
Nombre del editor, distribuidor, etc. [s.n.,
Fecha de publicación, distribución, etc. 1843?] (
Fabricante Imprenta de F. Suárez)
300 ## - DESCRIPCIÓN FÍSICA
Extensión 34 p. ;
Dimensiones 26 cm.
490 1# - MENCIÓN DE SERIE
Mención de serie Museo dramático
594 ## - Nota al título y mención de responsabilidad
Nota al título y mención de responsabilidad Ejemplar sin portada, autores y título del principio del texto.
596 ## - NOTA AL PIE DE IMPRENTA
NOTA AL PIE DE IMPRENTA Representada por primera vez en Madrid en el Teatro del Príncipe el día 22 de febrero de 1843.
700 1# - ENTRADA AGREGADA--NOMBRE PERSONAL
Nombre de persona Tavenet.
9 (RLIN) 149479
700 1# - ENTRADA AGREGADA--NOMBRE PERSONAL
Nombre de persona Gil y Baus, Isidoro,
Fechas asociadas al nombre 1814-1866
9 (RLIN) 56736
830 0# - PUNTO DE ACCESO ADICIONAL DE SERIE-TÍTULO UNIFORME
Título uniforme Museo dramático
9 (RLIN) 187645
852 ## - LOCALIZACIÓN
Ubicación ES-MaACL
Número de control de estantería F-7489(1)
Nota libre -- Enc. hol. en vol. facticio
Holdings
Estatus retirado Estado de pérdida Estado de daño No para préstamo Colección Biblioteca de origen Biblioteca actual Ubicación en estantería Fecha de adquisición Total de préstamos Signatura topográfica completa Código de barras Visto por última vez Precio de reemplazo Tipo de ítem Koha
        Libros del s. XIX Biblioteca del Ateneo de Madrid Biblioteca del Ateneo de Madrid Depósito 2 17/01/2008   F-7489(1) 1162761 23/02/2023 23/02/2023 Libro impreso antiguo